[Event "ICS Rated standard match"]
[Site "204.178.125.65"]
[Date "1999.08.18"]
[Round "?"]
[White "Hossa"]
[Black "Nyi"]
[Result "1-0"]
[WhiteElo "2188"]
[BlackElo "1916"]
[Annotator "Fritz 5.32 (15s)"]
[PlyCount "89"]
[EventDate "1999.??.??"]

1. d4 1... Nf6 {Opening = E85 - 6.Be3 e5 (7.Nge2 --)} 2. c4 g6 3. Nc3 Bg7 4. e4
d6 5. f3 O-O 6. Be3 e5 7. Nge2 Nc6 8. Qd2 a6 9. h4 (9. O-O-O b5 10. h4 bxc4 11.
g4 h5 12. d5 Ne7 13. Ng3 hxg4 14. h5 Nxh5 15. Nxh5 gxh5 16. Rxh5 f5 17. Bh6 f4
18. Rg5 Rf7 19. Qh2 c5 20. dxc6 Be6 21. Bxg7 Rxg7 22. Qh6 Rxg5 23. Qxe6+ Kh7
24. Bxc4 Qe8 25. Rh1+ Rh5 26. Rxh5+ Qxh5 27. Qxe7+ Kh8 28. c7 28... g3 {
1-0 Hoi,C-Nilsson,N/Copenhagen 1995/CBM 47 ext (28)}) 9... h5 10. d5 (10. O-O-O
b5 11. Bg5 bxc4 12. Nd5 exd4 13. Nxd4 Ne5 14. Qa5 Be6 15. f4 Neg4 16. Bxc4 Bxd5
17. Bxd5 c5 18. Qxd8 Raxd8 19. Nc6 Rde8 20. Bxf6 Bxf6 21. Rd2 Ne3 22. Bb3 Rxe4
23. Rxd6 Rxf4 24. g3 24... Rf2 {Rink,C-Stauch,E/Bayern 1997/EXT 99/1-0 (65)})
10... Ne7 11. Bh6 $146 (11. b4 Nh7 12. Nc1 f5 13. Nd3 Nf6 14. Be2 Kh7 15. Bg5
Bd7 16. Nf2 f4 17. Nd3 a5 18. b5 b6 19. O-O-O Be8 20. Rdg1 Nd7 21. g3 Nc5 22.
Nxc5 bxc5 23. Bf1 fxg3 24. Rxg3 Bf6 25. Bxf6 25... Rxf6 {
Belakovskaia,A-Marinello,B/USA-chW 1993/EXT 98/ - (37)}) 11... Bd7 12. Bxg7
Kxg7 13. Rg1 b5 14. Ng3 14... Qc8 $16 (14... Rb8 $5 $11 $142 {
muss geprueft werden}) 15. cxb5 axb5 16. Bxb5 Bxb5 17. Nxb5 Qb7 18. a4 Nd7 19.
b4 Nb6 20. Nc3 Nc4 21. Qg5 Ng8 22. b5 (22. Nxh5+ Kh7 23. Ng3 23... Qxb4 $16)
22... f6 23. Qc1 Qb6 24. Nce2 Na5 25. Qc3 Ne7 26. Rf1 Nb7 27. f4 Nc5 28. Qc4
$11 (28. fxe5 $5 $142 28... fxe5 29. Rxf8 Rxf8 30. Ra3 $16) 28... Qa5+ {
Wird a4 fallen?} 29. Nc3 $15 (29. Kf2 $5 $11 {ist vielleicht staerker}) 29...
Rfb8 $4 $16 {vergibt den Vorteil} (29... Nc8 $142 {ist noch spielbar} 30. Nge2
30... Nb6 $17) 30. Ra3 Nc8 31. fxe5 fxe5 32. Qa2 32... Nb6 $16 {Alles auf a4!}
(32... Qb4 33. Qd2 Qxa3 34. Nxh5+ Kg8 35. Rf8+ Kxf8 36. Qh6+ Ke8 37. Qh8+ Ke7
38. Qg7+ Kd8 39. Qf8+ Kd7 40. Nf6#) 33. Qd2 {Droht entscheidend Nxh5} 33... Rf8
(33... Nbxa4 $4 {vergiftet...} 34. Nxh5+ $1 {logisch und kraftvoll} 34... Kg8
35. Qh6 Nd3+ 36. Kd2 gxh5 37. Qg6+ Kh8 38. Rf7 Qxc3+ 39. Rxc3 Nxc3 40. Qh7#)
34. Nxh5+ 34... Kh7 $2 (34... gxh5 35. Qg5+ Kh8 36. Qxh5+ Kg7 37. Qg5+ 37...
Kh7 $14) 35. Nf6+ Kg7 36. Qg5 {Droht Matt: Nh5} 36... Nd3+ 37. Ke2 Nf4+ 38.
Rxf4 exf4 39. Nh5+ Kh7 (39... Kf7 {lenkt den Gegner vielleicht noch ab} 40.
Qf6+ Ke8 41. Qxg6+ Kd8 42. Nxf4 Rxf4 43. Qg5+ Kc8 44. Qxf4 44... Qb4 $18) 40.
Nxf4 $18 (40. Qe7+ Kh6 41. Qg7+ Kxh5 42. Qh7+ Kg4 43. Qxg6+ Kxh4 44. Kf3 Qxc3+
45. Rxc3 Rxa4 46. Qg4#) 40... Rg8 (40... Rxf4 {
bot noch bessere Widerstandsmoeglichkeiten} 41. Qxf4 41... Qb4 $18) 41. h5 {
Droht Matt} 41... Rg7 42. hxg6+ (42. Nxg6 $6 {waere weniger gut} 42... Qb4 43.
Qc1 43... Rf7 $14) 42... Kg8 43. Nh5 {Es droht Matt} 43... Qb4 (43... Rf8 44.
Nxg7 Qb4 45. Ne6 Nxa4 46. Rxa4 Qxc3 47. Nxf8 Qc2+ 48. Kf3 Qd3+ 49. Kf2 Qc2+ 50.
Kg3 Qc3+ 51. Kh2 Qh8+ 52. Kg1 Qd4+ 53. Rxd4 Kxf8 54. g7+ Kg8 55. Ra4 c5 56.
Ra8+ Kf7 57. g8=Q#) 44. Qh6 (44. Nf6+ $142 {sichert den Gewinn} 44... Kf8 45.
Qh6 $18) 44... Qb2+ (44... Qd4 {ist vielleicht noch ein Schwindelversuch} 45.
Nxg7 Qxg7 46. Qxg7+ 46... Kxg7 $18) 45. Kd1 (45. Kd1 Qd2+ 46. Kxd2 Nc4+ 47. Ke1
Rf7 48. gxf7+ Kxf7 49. Qg7+ Ke8 50. Nf6+ Kd8 51. Qd7#) 1-0

[Event "ICS Rated standard match"]
[Site "204.178.125.65"]
[Date "1999.08.18"]
[Round "?"]
[White "Nyi"]
[Black "Hossa"]
[Result "0-1"]
[WhiteElo "1909"]
[BlackElo "2192"]
[Annotator "Fritz 5.32 (15s)"]
[PlyCount "70"]
[EventDate "1999.??.??"]

1. e4 1... e5 {Opening = C68 - 3.Bb5 a6 4.Bc6(dc6 5.0-0 ---)} 2. Nf3 Nc6 3. Bb5
a6 4. Bxc6 dxc6 5. O-O Bg4 6. h3 Bh5 7. d3 Qf6 (7... f6 8. Be3 Bd6 9. Nbd2 Ne7
10. Qb1 c5 11. a3 g5 12. Nh2 Qd7 13. Nc4 Ng6 14. b4 cxb4 15. axb4 Nf4 16. Re1
Rg8 17. Qb3 Ke7 18. Bc5 Bf7 19. Qc3 Bxc4 20. Qxc4 b5 21. Bxd6+ cxd6 22. Qb3 Qe6
23. Qxe6+ Kxe6 24. g3 Nxh3+ 25. Kg2 g4 26. Nxg4 Rxg4 27. Kxh3 Rg7 28. Kg2 {
- Penson,T-Bierenbroodspot,P/Geraardsbergen 1992/EXT 99 (28)}) (7... Bd6 8. Be3
Nf6 9. Nbd2 Qd7 10. c3 O-O 11. Qb3 b5 12. d4 exd4 13. Bxd4 Bxf3 14. Nxf3 Nxe4
15. Qc2 Rfe8 16. Rfe1 Qe7 17. Nd2 Qg5 18. Nxe4 Qg6 19. Re3 c5 20. Bxc5 Bxc5 21.
Re2 Bb6 22. Rae1 {Wolfram,B-Lang,L/AUT-chJM U10 1995/EXT 97/0-1 (53)}) 8. Nbd2
$146 (8. Be3 Bxf3 9. Qxf3 Qxf3 10. gxf3 Bd6 11. Nd2 Ne7 12. d4 f6 13. Nc4 Ng6
14. Nxd6+ cxd6 15. Kg2 f5 16. dxe5 dxe5 17. Rad1 f4 18. Bb6 Nh4+ 19. Kh1 Nxf3
20. Rd3 Ng5 21. Rg1 Ne6 22. Rd6 Kf7 23. f3 Rae8 24. Rgd1 g5 25. Kg2 Rhg8 26.
Rd7+ Re7 27. Bd8 Nxd8 28. Rxd8 Rxd8 29. Rxd8 Kf6 30. Rd6+ Re6 31. Rd7 b6 32. b4
c5 33. bxc5 bxc5 34. Kf2 h5 35. Ke2 g4 36. hxg4 hxg4 37. fxg4 Kg5 38. Rg7+ Rg6
39. Rc7 Kxg4 40. Rxc5 Rh6 41. Rxe5 Rh2+ 42. Ke1 Rxc2 43. Re8 Kf3 44. e5 Ke3 45.
Kf1 f3 46. Kg1 Rc1+ 47. Kh2 47... f2 {
0-1 Stangeland,K-Mork,K/Stavanger 1991/EXT 97 (47)}) 8... O-O-O 9. a4 (9. Nc4
Bxf3 10. Qxf3 Qxf3 11. gxf3 11... Re8 $11) 9... Be7 (9... h6 10. Qe2 $11) 10.
Nb3 $15 (10. Nc4 $5 $11 {ist zu ueberlegen}) 10... Bxf3 11. Qxf3 Qxf3 12. gxf3
Bd6 13. Be3 f5 14. Kh1 fxe4 (14... Ne7 15. Rg1 g6 16. Bg5 $11) 15. fxe4 Nf6 16.
f4 $15 (16. Rg1 $5 16... g6 17. Bh6 $14) 16... Nh5 17. f5 $17 {Raumgewinn} (17.
Rf3 $5 17... Nxf4 18. Rg1 $15) 17... Ng3+ 18. Kg2 Nxf1 19. Rxf1 Be7 20. Nc5
Bxc5 21. Bxc5 a5 22. Rf3 Rhe8 23. Be3 b6 24. Bg5 Rd7 25. Bd2 Rf7 26. h4 Kd7 27.
b3 (27. h5 27... c5 $17) 27... c5 (27... g6 28. fxg6 Rxf3 29. Kxf3 Rf8+ 30. Kg4
hxg6 31. Be3 $19) 28. Kf2 (28. Rg3 28... c6 $17) 28... Kc6 (28... g6 29. Ke2
$17) 29. c4 (29. h5 29... Kd6 $17) 29... Ref8 30. h5 g6 31. Bh6 Rh8 32. f6 gxh5
33. Bg7 Rg8 (33... Rd8 34. Ke2 $19) 34. Rf5 (34. Ke2 Rgxg7 35. fxg7 Rxg7 36.
Rf6+ 36... Kb7 $17) 34... Kd6 35. Rxh5 $4 $19 {
verschlechtert die Stellung weiter} (35. Ke2 $17 $142) 35... Rgxg7 (35... Rgxg7
36. Rh6 Rg6 37. Rxg6 37... hxg6 $19) 0-1

[Event "ICS Rated blitz match"]
[Site "204.178.125.65"]
[Date "1999.08.18"]
[Round "?"]
[White "Hossa"]
[Black "PostModernist"]
[Result "1-0"]
[WhiteElo "2378"]
[BlackElo "2528"]
[Annotator "Fritz 5.32 (15s)"]
[PlyCount "121"]
[EventDate "1999.??.??"]

1. d4 1... Nf6 {Opening = A65 - 6.e4 (g6 7.---)} 2. c4 c5 3. d5 g6 4. Nc3 d6 5.
e4 Bg7 6. f3 O-O 7. Bg5 e6 8. Nge2 h6 9. Be3 exd5 10. cxd5 a6 (10... h5 11. Nf4
(11. Nc1 a6 12. a4 Nbd7 13. Be2 Ne5 14. O-O Nh7 15. h3 f5 16. f4 Nf7 17. exf5
Bxf5 18. Bf3 Re8 19. Bf2 Nf6 20. N1e2 Qa5 21. Ng3 Qb4 22. Nxf5 gxf5 23. Ne2 Re7
24. Be1 Qxb2 25. Bc3 25... Qb6 {Senff,M-Toth,A/Paks 1998/EXT 99/1-0 (48)})
11... Nbd7 12. Be2 a6 13. a4 Ne5 14. O-O Bd7 15. Qd2 Rb8 16. a5 Ne8 17. Na4
Bxa4 18. Rxa4 Nc7 19. Nd3 Nd7 20. Rc4 b5 21. axb6 Nxb6 22. Rcc1 Nb5 23. Kh1 Rc8
24. Nf2 Re8 25. Ra1 {Sokolov,I-Smirin,I/Elenite 1993/CBM 38/[Stohl]/ - (55)})
11. Qd2 11... h5 $146 (11... Nbd7 12. Ng3 h5 13. Be2 Re8 14. O-O b5 15. Rac1
Nh7 16. Nd1 h4 17. Nh1 f5 18. Nhf2 Qf6 19. b4 c4 20. Kh1 Ne5 21. Nc3 Bd7 22.
exf5 gxf5 23. Rfe1 Ng6 24. Bf1 Rac8 25. f4 Re7 26. Nh3 {
Hoelzl,F-Gallagher,J/Pula 1997/CBM 57 ext/ - (68)}) 12. Bh6 b5 13. Bxg7 Kxg7
14. Rc1 14... b4 {Raumgewinn} 15. Nd1 Bb7 16. Ne3 Rh8 17. Nf4 Nbd7 18. Be2 Ne5
19. Nc4 Nxc4 20. Rxc4 a5 21. Rc2 Nd7 22. Bb5 22... Qh4+ $14 (22... Ne5 23. O-O
$11) 23. g3 Qe7 24. Qg2 (24. Bxd7 Qxd7 25. O-O 25... h4 $11) 24... g5 (24...
Ne5 25. O-O $11) 25. Ne2 25... f5 $14 (25... a4 26. O-O $11) 26. g4 $11 (26.
Bxd7 Qxd7 27. h4 27... g4 $11) 26... fxe4 27. fxe4 {
Weiss entwickelt Drohungen in der offenen f-Linie} 27... Nf6 $14 (27... h4 28.
Bxd7 Qxd7 29. Rf1 $15) 28. Ng3 28... Kg8 $16 (28... Bc8 29. Bc6 Rb8 30. gxh5
$14) 29. gxh5 {Weiss erhaelt Koenigsangriff} 29... b3 $18 (29... a4 30. O-O
Nxh5 31. Nf5 $18) 30. axb3 Bxd5 (30... Qe5 31. Rf1 Nxh5 32. Nf5 $18) 31. Re2
Qb7 ({Schwaecher ist} 31... Bxb3 32. Nf5 Qf7 33. e5 $18) 32. Qf3 (32. exd5 Qxb5
33. O-O 33... Nxh5 $18) 32... Rf8 33. Qe3 Qxb5 (33... Rh7 34. exd5 Qxb5 35. O-O
$18) 34. Qxg5+ {Die Oeffnung der g-Linie verschafft Weiss Drohungen} (34. exd5
$6 34... Qb4+ 35. Kd1 Qd4+ 36. Qxd4 36... cxd4 $16) 34... Kf7 35. O-O $1 {
kraeftig gespielt} (35. exd5 $6 {ist deutlich schlechter} 35... Qb4+ 36. Qd2
Re8 37. Qxb4 Rxe2+ (37... cxb4 $2 38. Rf1 $18) 38. Kxe2 38... axb4 $16) 35...
Ke7 36. exd5+ Qxe2 37. Rxf6 $1 {die Entscheidung. Weiss droht stark Qg7} (37.
Nxe2 $6 {ist klar schwaecher} 37... Rfg8 38. Rf5 Rxg5+ 39. Rxg5 39... Nxh5 $14)
37... Rxf6 38. Nxe2 Kf7 39. Ng3 Rg8 40. Qd2 Rf5 41. Qd3 Rfg5 42. Kg2 R8g7 43.
Qa6 Rxh5 44. Qxd6 Kg8 (44... Rhh7 {macht keinen grossen Unterschied} 45. Qxc5
Kf6 46. Qb6+ Kf7 47. Qxa5 $18) 45. Qe6+ Kh7 46. Qe4+ Kh6 47. h4 {Weiss plant d6
} 47... Rg6 48. Kh3 Rxd5 49. Qxd5 {Droht Matt} 49... Kh7 50. Nf5 {Es droht Matt
} 50... Rg7 51. Nxg7 Kxg7 52. Qxc5 {Mit der Mattdrohung Qe7} 52... Kf6 53. Qxa5
{Es droht Matt} 53... Ke6 54. h5 (54. Qc5 Kd7 55. Kg4 Ke6 56. Kf4 Kf6 57. Qc6+
Ke7 58. Kf5 Kf7 59. Qd7+ Kf8 60. Kf6 Kg8 61. Qg7#) 54... Kf6 55. h6 {Droht Matt
} 55... Kg6 (55... Ke6 {aendert nichts mehr} 56. h7 Kd6 57. h8=Q Kd7 58. Qhd8+
Kc6 59. Qab6#) 56. h7 (56. Qb6+ Kf5 57. h7 Ke4 58. h8=Q Kf3 59. Qe8 Kf4 60.
Qf6#) 56... Kxh7 (56... Kf6 {hilft allerdings auch nicht} 57. h8=Q+ Ke6 58.
Qae5+ Kd7 59. Qhe8#) 57. Qg5 Kh8 58. Kh4 $18 (58. Kg4 Kh7 59. Kf5 Kh8 60. Kf6
Kh7 61. Qg7#) 58... Kh7 59. Kh5 Kh8 60. Kg6 Kg8 61. Qd8# 1-0

[Event "ICS Rated blitz match"]
[Site "204.178.125.65"]
[Date "1999.08.18"]
[Round "?"]
[White "matar"]
[Black "Hossa"]
[Result "0-1"]
[WhiteElo "2291"]
[BlackElo "2401"]
[Annotator "Fritz 5.32 (15s)"]
[PlyCount "112"]
[EventDate "1999.??.??"]

1. e4 1... e5 {Opening = C70 - 4.Ba4 ---} 2. Nf3 Nc6 3. Bb5 a6 4. Ba4 b5 5. Bb3
Bc5 6. c3 6... f5 $14 (6... Qe7 7. O-O d6 8. h3 Nf6 9. Re1 O-O 10. a4 Be6 11.
Bc2 d5 12. exd5 Bxd5 13. d4 Bb6 14. Nxe5 Rae8 15. axb5 axb5 16. Bg5 h6 17. Bh4
g5 18. Bg3 Nd7 19. Na3 Ndxe5 20. Bxe5 f6 21. Bg3 {
Cooper,D-Ng Ee Vern/Kuala Lumpur 1992/CBM 31 ext/1-0 (39)}) (6... Bb6 7. d4
exd4 8. cxd4 h6 9. a4 b4 10. a5 Ba7 11. d5 Nce7 12. e5 d6 13. O-O Ng6 14. e6
N8e7 15. exf7+ Kxf7 16. Nd4 Bxd4 17. Qxd4 Rb8 18. Ra4 Nf5 19. Qd2 Qf6 20. Rxb4
Rxb4 21. Qxb4 Nd4 22. Bd1 Nh4 23. Qc3 Re8 24. Bh5+ g6 25. Bd1 Nb5 26. Qxf6+
Kxf6 27. g3 Nf5 28. Nc3 28... Bd7 {- Rantanen,Y-Khaled,F/Novi Sad 1990/TD (28)}
) (6... Qf6 7. O-O $11) 7. exf5 e4 8. d4 {Mit der Drohung Ng5.} 8... exf3 9.
dxc5 fxg2 10. Rg1 Qe7+ 11. Be3 11... Nf6 {
Der schwarze Springer als Blockadefigur} 12. a4 $11 (12. Qf3 $5 $14 {
ist vielleicht staerker}) 12... Bb7 13. axb5 axb5 14. Rxa8+ Bxa8 15. Rxg2 Ne5
16. Rg3 16... Be4 $14 (16... Ne4 17. Rh3 $11) 17. Nd2 $11 (17. Na3 Nd3+ 18. Kf1
18... Nxb2 $14) 17... Nd3+ 18. Kf1 Nxb2 19. Qa1 19... Na4 {
Der Springer ist gut plaziert} 20. Bd4 Bxf5 (20... Nxc5 $4 {
der Bauer ist nicht zu nehmen} 21. Bxc5 Qd8 22. Nxe4 Nxe4 23. Re3 $18) 21. Re3
Be6 22. c6 d5 23. Bxf6 (23. Bxa4 $6 23... bxa4 24. Qe1 24... Ne4 $11) 23...
gxf6 (23... Qxf6 $4 24. Bxd5 $1 {ganz unerschrocken} (24. Bxa4 $6 {
ist minderwertig} 24... bxa4 25. Qa3 25... Rf8 $15) 24... O-O 25. Bxe6+ Kh8 26.
Qe1 $18) 24. Bxd5 Bxd5 25. Rxe7+ $16 (25. Qe1 $142 {
und aller Vorteil laege nun bei Weiss} 25... Qxe3 {
fuer Schwarz fuehrt kein Weg daran vorbei, das Material zurueckzugeben} 26.
Qxe3+ (26. fxe3 $6 26... Rg8 $14) 26... Kf7 27. Qf4 $18) 25... Kxe7 26. c4 Bxc6
27. Qa3+ Kd8 28. f3 (28. Qd3+ 28... Bd7 $16) 28... bxc4 29. Nxc4 Kc8 30. Kf2
Bb5 31. Ne3 31... Bc6 $18 (31... Rd8 $5 $16) 32. Qe7 Rd8 33. Qxh7 Kb7 34. Qe7
Rh8 35. Kg3 Re8 36. Qa3 Nb6 37. Nf5 $16 (37. h4 Rg8+ 38. Kf2 38... Re8 $18)
37... Rg8+ 38. Kf2 Rh8 39. Kg3 $11 (39. Kg2 $16 $142) 39... Rg8+ 40. Kf2 Rh8
41. h4 Bd7 42. Qd3 Bxf5 43. Qxf5 Rxh4 44. Qxf6 Rh5 45. Qe6 Rd5 46. f4 46... c5
$18 (46... Rd6 $5 47. Qe8 47... c5 $16) 47. Kf3 $16 (47. f5 $5 $142 47... c4
48. f6 $18) 47... c4 48. f5 48... c3 {
Schwarz zwingt den Gegner mit starken Drohungen nieder} 49. f6 $4 $15 {
vergibt den Vorteil} (49. Qe4 $142 49... Ka6 50. f6 $18) 49... c2 50. Qe7+ (50.
Qe1 Rc5 51. Qc1 51... Nd7 $11) 50... Kb8 $11 (50... Nd7 $5 {
bedarf naeherer Analyse} 51. Qb4+ 51... Kc8 $17) 51. Qe8+ $15 (51. Qa3 $5 {
kommt in Betracht} 51... Rd3+ $5 52. Qxd3 $11) 51... Kc7 52. Qe7+ $17 (52. Qe1
Rf5+ 53. Ke4 53... Rxf6 $11) 52... Nd7 53. Qa3 $4 $19 {
fuehrt zu weiterem Ungemach} (53. Qe1 $17 $142) 53... Rd3+ $3 {
ein starkes Opfer} 54. Qxd3 Ne5+ 55. Ke4 (55. Kg3 {ist der letzte Rettungsanker
} 55... Nxd3 56. f7 $19) 55... Nxd3 56. Kxd3 c1=Q (56... c1=Q 57. f7 Qf1+ 58.
Kd4 Qxf7 59. Kd3 Qf3+ 60. Kd2 Kd6 61. Kc2 Qe2+ 62. Kb3 Kd5 63. Kc3 Kc5 64. Kb3
Qd2 65. Ka3 Kc4 66. Ka4 Qb4#) 0-1

[Event "ICS Rated blitz match"]
[Site "204.178.125.65"]
[Date "1999.08.18"]
[Round "?"]
[White "Hossa"]
[Black "matar"]
[Result "1-0"]
[WhiteElo "2412"]
[BlackElo "2280"]
[Annotator "Fritz 5.32 (15s)"]
[PlyCount "75"]
[EventDate "1999.??.??"]

1. e4 1... c5 {Opening = 5.Bd3 Nf6} 2. Nf3 e6 3. d4 cxd4 4. Nxd4 a6 5. Bd3 Nf6
6. O-O Qc7 7. b3 Be7 (7... d6 8. Bb2 Nbd7 9. c4 g6 10. Nc3 Bg7 11. Qe2 O-O 12.
Rad1 b6 13. Bb1 Bb7 14. Kh1 Rfe8 15. f4 e5 16. fxe5 Nxe5 17. Rde1 b5 18. cxb5
d5 19. Rxf6 Bxf6 20. bxa6 Bxa6 21. Nxd5 Qd6 22. Nb5 {
Short,N-Sax,G/Amsterdam 1983/MCD/0-1 (41)}) (7... g6 8. Nd2 d6 9. a4 Bg7 10.
Bb2 O-O 11. Qe2 Nh5 12. Qe3 Nd7 13. c4 e5 14. Ne2 Nf4 15. Bc2 Nf6 16. Nxf4 exf4
17. Qf3 Qa5 18. Bc3 Qg5 19. Qd3 Bg4 20. h3 Bh5 21. Bd1 Rad8 22. Bxh5 {
Timman,J-Rohl,J/Elista 1998/CBM 66 ext/1-0 (46)}) 8. c4 $146 (8. Bb2 d6 9. Nd2
Nbd7 10. c4 O-O 11. Qe2 Re8 12. Rfe1 b6 13. Rad1 Bb7 14. N4f3 e5 15. Rc1 Nc5
16. Bc2 Bc6 17. b4 Ne6 18. c5 bxc5 19. Bb3 Bf8 20. Bxe6 Rxe6 21. bxc5 dxc5 22.
Nb3 22... Nxe4 {Ruehrig,V-Podzielny,K/Ansbach 1985/EXT 99/0-1 (35)}) 8... b6 9.
Re1 9... d6 $11 (9... Bd6 10. h3 $15) 10. Bg5 Nbd7 11. Nc3 Bb7 12. Qe2 O-O 13.
Rad1 Rfe8 14. Qe3 $15 (14. a4 h6 15. Bc1 15... d5 $11) 14... Rac8 $11 (14... h6
15. Bh4 $15) 15. Qg3 b5 16. Bh6 {Es droht Matt} 16... Bf8 17. f4 $2 $19 (17.
Bg5 $11 $142 {ist noch spielbar}) 17... b4 $17 (17... Qb6 $5 $142 18. Bc2 18...
e5 $19 (18... bxc4 $6 19. Re3 $17)) 18. Na4 18... e5 $15 (18... Nc5 19. Nxc5
19... Qxc5 $19 (19... dxc5 $6 20. Nf3 $11)) 19. Nf5 {Weiss droht stark Bxg7}
19... Nh5 $11 (19... exf4 20. Bxf4 Ne5 21. Bg5 $11) 20. Qg5 g6 (20... Nxf4 21.
Bxg7 Ng6 22. Bxf8 Ndxf8 23. Qf6 $18) (20... exf4 21. Qxh5 gxh6 22. Nxh6+ Bxh6
23. Qxh6 $14) 21. fxe5 Rxe5 (21... Nxe5 22. Be2 f6 23. Qd2 gxf5 24. Bxh5 Bxh6
25. Qxh6 $16) 22. Bxf8 22... Nxf8 $11 (22... Rxf8 23. Bc2 $17) 23. Nh6+ $17 (
23. Rf1 $5 23... Kh8 24. Qh6 $15) 23... Kg7 24. Qd2 {
Weiss erhaelt Koenigsangriff} 24... Ne6 $14 (24... Nf6 $5 $17 $142) 25. Rf1
25... Ng5 $16 {Der isolierte Bauer e4 wird weiter angegriffen} (25... f6 $5 $14
{ist nicht von der Hand zu weisen}) 26. Nf5+ 26... Rxf5 $2 $18 (26... gxf5 $142
27. Qxg5+ Kh8 28. Rxf5 Rxf5 29. Qxf5 29... Ng7 $16) 27. exf5 f6 28. fxg6 (28.
Qxb4 $6 28... Bxg2 29. fxg6 29... Rb8 $14) 28... hxg6 29. Qxb4 $4 $16 {
wirft den Vorteil weg} (29. Be2 $142 {machte sofort alles klar} 29... Qc6 30.
Bxh5 gxh5 31. Rf5 $18) 29... Qc6 {Mit der Mattdrohung Qxg2} 30. Rd2 30... Rh8
$4 $18 (30... Nh3+ $1 $142 {haette die Niederlage vermieden} 31. gxh3 Re8 32.
Qxb7+ 32... Qxb7 $11) 31. Re1 Nf4 (31... Rb8 {ist der letzte Strohhalm} 32. Qc3
Re8 33. Rxe8 33... Qxe8 $18) 32. Re7+ 32... Kf8 {
Wenn Schwarz jetzt zu Qxg2 kaeme...} 33. Rxb7 Ngh3+ (33... Nf3+ {
hilft allerdings auch nicht} 34. gxf3 Nh3+ 35. Kf1 Qxf3+ 36. Ke1 $18) 34. gxh3
$11 (34. Kf1 $142 {und nichts geht mehr} 34... Ng5 35. Bxg6 $18) 34... Nxh3+
35. Kf1 {Droht entscheidend Be4} 35... Qh1+ 36. Ke2 {Droht Matt: Qxd6} 36...
Rh5 $4 {laesst den Gewinn aus} (36... Nf4+ 37. Ke3 Rh3+ 38. Kd4 Qg1+ 39. Kc3
Qc1+ 40. Kd4 Qg1+ 41. Kc3 Qc1+ 42. Kd4 Qg1+) 37. Qxd6+ Kg8 38. Qd8# 1-0

[Event "ICS Rated blitz match"]
[Site "204.178.125.65"]
[Date "1999.08.18"]
[Round "?"]
[White "PostModernist"]
[Black "Hossa"]
[Result "1-0"]
[WhiteElo "2505"]
[BlackElo "2422"]
[Annotator "Fritz 5.32 (15s)"]
[PlyCount "80"]
[EventDate "1999.??.??"]

1. e4 1... e5 {Opening = C70 - 4.Ba4 ---} 2. Nf3 Nc6 3. Bb5 a6 4. Ba4 b5 5. Bb3
Bc5 6. c3 6... f5 $146 (6... Qe7 7. O-O d6 8. h3 Nf6 9. Re1 O-O 10. a4 Be6 11.
Bc2 d5 12. exd5 Bxd5 13. d4 Bb6 14. Nxe5 Rae8 15. axb5 axb5 16. Bg5 h6 17. Bh4
g5 18. Bg3 Nd7 19. Na3 Ndxe5 20. Bxe5 f6 21. Bg3 {
Cooper,D-Ng Ee Vern/Kuala Lumpur 1992/CBM 31 ext/1-0 (39)}) (6... Bb6 7. d4
exd4 8. cxd4 h6 9. a4 b4 10. a5 Ba7 11. d5 Nce7 12. e5 d6 13. O-O Ng6 14. e6
N8e7 15. exf7+ Kxf7 16. Nd4 Bxd4 17. Qxd4 Rb8 18. Ra4 Nf5 19. Qd2 Qf6 20. Rxb4
Rxb4 21. Qxb4 Nd4 22. Bd1 Nh4 23. Qc3 Re8 24. Bh5+ g6 25. Bd1 Nb5 26. Qxf6+
Kxf6 27. g3 Nf5 28. Nc3 28... Bd7 {- Rantanen,Y-Khaled,F/Novi Sad 1990/TD (28)}
) (6... Qf6 7. d3 (7. O-O Nge7 8. d4 exd4 9. Bg5 Qg6 10. Bxe7 Bxe7 11. cxd4 O-O
12. Nc3 (12. e5 d6 13. Bd5 Bh3 14. Ne1 Bd7 15. Qf3 dxe5 16. dxe5 Nxe5 17. Qe3
c6 18. Qxe5 Bf6 19. Bxf7+ Rxf7 20. Qe2 Re8 21. Qd2 Bh3 22. g3 Bxf1 23. Kxf1
Rfe7 24. Nc3 b4 25. Na4 Qe4 26. Ng2 Qc4+ 27. Kg1 Bd4 28. Rd1 Rd7 29. Kh1 Qd5
30. Qxb4 Re2 31. Nc3 c5 32. Qb8+ Rd8 33. Qc7 Re1+ 34. Rxe1 Bxc3 35. bxc3 Rf8
36. f4 g5 37. Qe5 Qxa2 38. Qxg5+ Kh8 39. Qe5+ Kg8 40. Qe6+ Qxe6 41. Rxe6 Rd8
42. Ne3 Rd3 43. c4 a5 44. Ng4 a4 45. Re2 Rc3 46. Ne5 a3 47. Kg2 Rb3 48. Kh3 Rb2
49. Re1 a2 50. Ra1 Rc2 51. g4 Kg7 52. f5 h6 53. Kg3 Kf6 54. Nd7+ Kg5 55. h4# {
1-0 Smith,H-Harding,H/Cleveland 1871/HCL (55)}) 12... d6 13. Bd5 Bd7 14. Ne2
Rad8 15. Ng3 Nb4 16. Bb3 Bg4 17. h3 Bxf3 18. Qxf3 Kh8 19. Rac1 Nc6 20. Rxc6 f6
21. Nf5 {1-0 Elder,F-Harding,H/Cleveland 1871/HCL (21)}) 7... h6 8. Be3 Bxe3 9.
fxe3 Qg6 10. O-O Nf6 11. Qe1 O-O 12. Nh4 Qh7 13. Qg3 Kh8 14. Nd2 d6 15. Nf5 Bd7
16. Qh4 Bxf5 17. Rxf5 Na5 18. Bc2 Qg6 19. Raf1 Kh7 20. R1f3 Ng8 21. b4 {
Schultz,H-Weischedel,H/GER-chW 1993/EXT 98/0-1 (61)}) 7. d4 exd4 8. Ng5 dxc3 9.
Nxc3 fxe4 10. Nf7 Qh4 11. O-O Nf6 12. Bg5 Qg4 13. Qxg4 Nxg4 14. Nxh8 h6 15.
Nxe4 Bd4 16. Rae1 Nge5 17. Bh4 g5 18. Nxg5 (18. Bg3 $5 $142 {ist genauer} 18...
Kf8 19. Bd5 19... Ra7 $18) 18... hxg5 19. Bxg5 d6 20. Bd5 Kd7 21. b3 Bb7 22.
Ng6 Re8 23. Nf4 Na5 24. b4 Nac6 25. a3 (25. Re4 {waere im Gewinnsinne praeziser
} 25... Bc3 $18) 25... a5 26. Re2 (26. Nh5 {ist genauer} 26... Ra8 $18) 26...
axb4 27. axb4 Ba6 (27... Nd8 {holt die Kuh nicht vom Eis} 28. Rfe1 $18) 28. Rb1
(28. Re4 {und Weiss haette es noch leichter} 28... Bb7 29. Nh5 29... Rf8 $18)
28... Bb6 29. Bh4 (29. Nh5 $5 $142 {gibt noch groesseren Vorteil} 29... Rf8 $18
) 29... Nd4 30. Ra2 Bc8 31. Be4 c6 32. Kh1 (32. Bf6 d5 33. Ng6 Ndf3+ 34. Bxf3
Nxf3+ 35. Kh1 35... Nd4 $18) 32... d5 33. Bh7 Rf8 34. Nh5 (34. Nd3 34... Nc4
$18) 34... Kd6 (34... c5 35. Re1 Ndc6 36. bxc5 Bxc5 37. Nf6+ Kd6 38. Kg1 $18)
35. Bg3 Rf7 (35... Nf5 36. Bxf5 36... Rxf5 $18) 36. Re1 Re7 37. Nf6 Nf5 38.
Bxe5+ 38... Rxe5 {Droht Matt} 39. Ne8+ Rxe8 40. Rxe8 Bd7 1-0

[Event "ICS Rated blitz match"]
[Site "204.178.125.65"]
[Date "1999.08.18"]
[Round "?"]
[White "Hossa"]
[Black "DoctorWho"]
[Result "0-1"]
[WhiteElo "2410"]
[BlackElo "2666"]
[PlyCount "125"]
[EventDate "1999.??.??"]

1. d4 Nf6 2. c4 e6 3. Nc3 Bb4 4. a3 Bxc3+ 5. bxc3 c5 6. f3 d5 7. cxd5 Nxd5 8.
Qd3 cxd4 9. cxd4 Nc6 10. e4 Nb6 11. Be3 O-O 12. Rc1 Kh8 13. Qc3 f5 14. Bd3 fxe4
15. fxe4 Qh4+ 16. g3 Qg4 17. Qc5 Bd7 18. Qd6 Rf3 19. Nxf3 Qxf3 20. Kd2 Qg2+ 21.
Be2 Na5 22. Qb4 Nbc4+ 23. Rxc4 Nxc4+ 24. Qxc4 Qxh1 25. Qc1 Qxe4 26. Qc7 Ba4 27.
h4 Qd5 28. Ke1 Qh1+ 29. Kd2 Qc6 30. Qxc6 Bxc6 31. Bf4 Rd8 32. Be5 Kg8 33. g4 a5
34. g5 b5 35. Bg4 Bd5 36. Bc7 Rf8 37. Be2 Rf7 38. Bxa5 Rf4 39. Kc3 Rxh4 40.
Bxb5 Rh3+ 41. Kb4 Rb3+ 42. Ka4 Kf7 43. Bd2 Kg6 44. Ba6 Kf5 45. Bb5 Ke4 46. Bb4
Rg3 47. Be7 Kxd4 48. Ka5 Bc4 49. a4 e5 50. Be8 e4 51. g6 hxg6 52. Bf8 e3 53.
Bxg7+ Kd3 54. Bf8 e2 55. Bb4 Kc2 56. Be1 Rg1 57. Bf2 Rg2 58. Bh4 Kd1 59. Bc6 g5
60. Be1 Kxe1 61. Kb4 Kf2 62. Kxc4 Rg1 63. Bb5 {Hossa resigns} 0-1